ბათუმის შოთა რუსთაველის სახელმწიფო უნივერსიტეტის ბიბლიოთეკა

Вопросы диффернциальной синтетической и прикладной геометрии (ბიბ.ჩანაწერი № 48219)

000 -LEADER
fixed length control field 00558nam a2200193Ia 4500
001 - CONTROL NUMBER
control field 15102
003 - CONTROL NUMBER IDENTIFIER
control field GE_BSU
008 - FIXED-LENGTH DATA ELEMENTS--GENERAL INFORMATION
fixed length control field 181216s||||||||xx |||||||||||||| ||und||
040 ## - CATALOGING SOURCE
Transcribing agency GE_BSU
080 ## - UNIVERSAL DECIMAL CLASSIFICATION NUMBER
Universal Decimal Classification number 514.77
245 ## - TITLE STATEMENT
Title Вопросы диффернциальной синтетической и прикладной геометрии
245 ## - TITLE STATEMENT
Statement of responsibility, etc. Под ред: Ейдельмена,Р,М
260 ## - PUBLICATION, DISTRIBUTION, ETC.
Place of publication, distribution, etc. Москва
260 ## - PUBLICATION, DISTRIBUTION, ETC.
Name of publisher, distributor, etc. Высшая школа
260 ## - PUBLICATION, DISTRIBUTION, ETC.
Date of publication, distribution, etc. 1965
300 ## - PHYSICAL DESCRIPTION
Extent 196стр,20см
653 ## - INDEX TERM--UNCONTROLLED
Uncontrolled term геометриа
942 ## - ADDED ENTRY ELEMENTS (KOHA)
Koha item type წიგნი
ეგზემპლარები
Withdrawn status Lost status Damaged status Not for loan Date acquired Barcode Date last seen Price effective from Koha item type
        2018-12-17 17878 2018-12-17 2018-12-17 წიგნი